[Event "FIDE WCCC U12 2018"]
[Site "Santiago de Compostela"]
[Date "2018.11.05"]
[Round "2"]
[White "Bui, Bao Anh Le"]
[Black "Sethuraman, Sandeep"]
[Result "1-0"]
[WhiteElo "2101"]
[BlackElo "1837"]
[Annotator "RC"]
[PlyCount "51"]
[EventDate "2018.11.04"]
[EventType "swiss"]
[EventCountry "ESP"]
[SourceTitle "playchess.com"]
[Source "ChessBase"]
[SourceQuality "1"]
[TimeControl "40/5400+30:1800+30"]

1. e4 {[%emt 0:00:07]} e5 {[%emt 0:00:00]} 2. Nf3 {[%emt 0:00:23]} Nc6 {[%emt 0:00:00]} 3. Bc4 {[%emt 0:00:25]} Bc5 {[%emt 0:00:00]} 4. d3 {[%emt 0:00:05]} Nf6 {[%emt 0:00:48]} 5. Nbd2 {[%emt 0:00:06]} O-O {[%emt 0:00:47]} 6. c3 {[%emt 0:01:13]} d5 {[%emt 0:02:59]} 7. exd5 {[%emt 0:00:52]} Nxd5 {[%emt 0:01:05]} 8. O-O {[%emt 0:00:04]} h6 {[%emt 0:15:57]} 9. Re1 {[%emt 0:03:24]} Bg4 {[%emt 0:08:20]} 10. h3 {[%emt 0:02:17]} Bh5 {[%emt 0:13:07]} 11. Ne4 {[%emt 0:02:24]} Be7 {[%emt 0:00:58]} 12. Ng3 {[%emt 0:01:03]} Bxf3 {[%emt 0:05:04]} 13. Qxf3 {[%emt 0:00:08]} Nb6 {[%emt 0:05:46]} 14. Bb5 {[%emt 0:01:16]} Bf6 {[%emt 0:03:38]} 15. Nh5 {[%emt 0:13:18]} Bg5 {[%emt 0:05:42]} 16. Bxc6 {[%emt 0:05:08]} bxc6 {[%emt 0:00:14]} 17. Rxe5 {[%emt 0:01:07]} Qd6 {[%emt 0:05:26]} 18. d4 {[%emt 0:16:43]} Bxc1 {[%emt 0:02:50]} 19. Rxc1 {[%emt 0:01:13]} Nc4 {[%emt 0:02:05]} 20. Rc5 {[%emt 0:02:48]} Nxb2 {[%emt 0:04:01]} 21. Rxc6 {[%emt 0:02:56]} Qe7 {[%emt 0:03:30]} 22. Rc2 {[%emt 0:01:42]} Na4 {[%emt 0:02:58]} 23. Re2 {[%emt 0:02:59]} Qa3 {[%emt 0:06:45]} 24. Kh2 {[%emt 0:02:15]} g6 {[%emt 0:04:42]} 25. Qg4 {[%emt 0:01:08]} Kh7 {[%emt 0:01:08]} 26. Rxg6 {[%emt 0:01:41]} 1-0

[Event "FIDE WCCC U12 2018"]
[Site "Santiago de Compostela"]
[Date "2018.11.05"]
[Round "2"]
[White "Razafindratsima, Timothe"]
[Black "Perez Bolanos, David"]
[Result "1/2-1/2"]
[WhiteElo "2092"]
[BlackElo "1819"]
[Annotator "NA"]
[PlyCount "154"]
[EventDate "2018.11.04"]
[EventType "swiss"]
[EventCountry "ESP"]
[SourceTitle "playchess.com"]
[Source "ChessBase"]
[SourceQuality "1"]
[TimeControl "40/5400+30:1800+30"]

{[%evp 12,151,22,32767,24,21,18,4,61,49,75,52,82,79,78,87,82,85,87,71,97,61,56,60,44,45,53,54,32767,18,141,32767,32767,32767,32767,32767,32767,32767,32767,32767,32767,32767,32767,32767,32767,32767,104,111,97,122,122,108,129,105,113,81,32767,54,115,158,237,106,116,170,152,47,54,52,47,32767,32767,32767,50,32767,59,58,51,32767,32767,32767,32767,32767,32767,79,99,32767,18,20,28,20,20,8,27,32767,27,18,24,0,30,32767,32767,18,49,44,72,76,74,77,74,80,78,18,17,32767,32767,32767,32767,32767,17,8,32767,0,7,0,0,0,0,0,0,0,0,0,0,0,0,0,0,0,0,0,0,0]} 1. e4 e5 2. Nf3 Nc6 3. Bc4 Bc5 4. O-O Nf6 5. d3 a6 6. a4 d6 7. c3 Ba7 8. b4 {LiveBook: 33 Games} h6 {C54: Giuoco Piano: 4 c3 Nf6, main lines with 5 d4 and 5 d3} 9. Na3 g5 $146 ({Predecessor:} 9... O-O 10. Re1 Ne7 11. a5 Ng6 12. h3 Re8 {1-0 (72) Kovalenko,I (2664)-Volke,K (2461) Germany 2016}) 10. Be3 Bxe3 11. fxe3 Be6 12. Nd2 O-O 13. Qf3 Nd7 14. d4 Bxc4 15. Naxc4 Ne7 16. dxe5 Nxe5 17. Nxe5 dxe5 18. Nc4 Ng6 19. Rad1 Qe7 20. Qh3 Qe6 (20... Rad8 $14) 21. Qxe6 fxe6 22. Na5 b5 23. axb5 axb5 24. Rd7 Rxf1+ 25. Kxf1 Rf8+ 26. Kg1 Rf7 27. Rd8+ Rf8 28. Nc6 Rxd8 29. Nxd8 Ne7 30. Kf2 c6 31. Kf3 Kg7 32. Kg4 Kg6 33. Nxe6 h5+ 34. Kf3 Kf6 {[#]} 35. Nd8 $1 Kg6 (35... g4+ $16 {war nötig.} 36. Kg3 Kg5 37. Nf7+ Kf6) 36. Ke2 Kf6 37. Kd3 Kg6 38. Ne6 (38. h3 $16) 38... Kf6 39. Nc7 Nc8 $1 40. Na6 Ke6 41. Nc5+ Kd6 42. Nb3 Ke6 43. Nd2 Nd6 44. h3 Kf6 45. Nb3 Nc8 46. Na5 Na7 47. Ke2 Ke6 48. Nb3 Nc8 $1 49. Nc5+ Ke7 50. Nd3 Ke6 51. Kf3 Kf6 52. Nf2 Nb6 53. Ke2 Ke6 54. Nd3 Nc8 55. Nc1 Nd6 56. Kd3 Nc8 57. Ne2 Kf6 58. Ng3 Kg6 59. Nf5 Kf6 60. c4 Kg6 61. cxb5 (61. c5 $16) 61... cxb5 62. Ng3 Nd6 63. Ne2 Kf6 64. Nc3 Ke6 65. Nd5 Kf7 66. g3 Ke6 67. h4 g4 68. Nb6 Ke7 69. Nd5+ Ke6 70. Nc3 Ke7 71. Ne2 Ke6 72. Nc1 Nb7 73. Nb3 Nd6 74. Na5 Kd7 75. Nb3 Ke6 76. Nc5+ $11 Ke7 77. Na6 Kd7 1/2-1/2

[Event "FIDE WCCC U12 2018"]
[Site "Santiago de Compostela"]
[Date "2018.11.05"]
[Round "2"]
[White "Pavesi, Brando"]
[Black "Rusonik, Max"]
[Result "1-0"]
[WhiteElo "2073"]
[BlackElo "1814"]
[Annotator "NA RC"]
[PlyCount "61"]
[EventDate "2018.11.04"]
[EventType "swiss"]
[EventCountry "ESP"]
[SourceTitle "playchess.com"]
[Source "ChessBase"]
[SourceQuality "1"]
[TimeControl "40/5400+30:1800+30"]

1. d4 {[%emt 0:00:00]} Nf6 {[%emt 0:00:00]} 2. Bf4 {[%emt 0:00:19]} g6 {[%emt 0:02:03]} 3. Nc3 {[%emt 0:00:49]} d5 {[%emt 0:07:35] A45: Trompowsky Attack} (3... c5 4. dxc5 Qa5 5. a3 Qxc5 6. e4 Bg7 7. Nf3 d6 8. h3 O-O 9. Qd2 b6 10. O-O-O Bb7 11. Be3 {1-0 (48) Nabaty,T (2692)-Almasi,Z (2702) Batumi 2018}) 4. h4 {[%emt 0:01:26]} Bg7 {[%emt 0:04:52]} 5. e3 {[%emt 0:03:26]} c6 {[%emt 0:04:21]} 6. Nf3 {[%emt 0:09:51]} Qb6 {[%emt 0:12:51]} 7. Na4 $146 {[%emt 0:01:34]} ({Predecessor:} 7. Rb1 Bg4 8. Be2 Nbd7 9. b4 O-O 10. O-O Qd8 11. a4 Bxf3 12. Bxf3 {½-½ (34) Mousavi,S (2458)-Matinian,N (2506) Khomein 2018}) 7... Qa5+ {[%emt 0:03:09]} 8. c3 {[%emt 0:15:16]} Na6 {[%emt 0:00:26]} 9. Bxa6 {[%emt 0:00:30]} Qxa6 {[%emt 0:16:16]} 10. Nc5 {[%emt 0:10:27]} Qb6 {[%emt 0:11:38]} 11. Qb3 {[%emt 0:13:35]} Bf5 {[%emt 0:10:05]} 12. Ne5 {[%emt 0:07:24]} Ne4 {[%emt 0:00:46]} 13. Nxe4 {[%emt 0:00:30]} Bxe4 {[%emt 0:03:17]} 14. f3 {[%emt 0:16:00]} f6 15. fxe4 fxe5 {[%emt 0:01:34]} 16. dxe5 {[%emt 0:03:23]} Qxb3 {[%emt 0:01:17]} 17. axb3 {[%emt 0:00:12]} dxe4 {[%emt 0:00:02]} 18. Ra4 {[%emt 0:01:19]} Kf7 {[%emt 0:03:21]} 19. Rxe4 {[%emt 0:00:48]} Ke6 $1 {[%emt 0:00:08]} 20. Ke2 {[%emt 0:02:55]} b5 {[%emt 0:02:37]} 21. Rd1 {[%emt 0:04:51]} a5 {[%emt 0:07:34]} 22. Red4 {[%emt 0:02:18]} a4 {[%emt 0:02:33]} 23. bxa4 {[%emt 0:01:43]} Rxa4 {[%emt 0:00:02]} 24. Rd7 {[%emt 0:00:42]} Ra2 {[%emt 0:00:47]} 25. Rc7 {[%emt 0:00:33]} Rxb2+ {[%emt 0:01:46]} 26. Kf3 {[%emt 0:00:09]} b4 $2 {[%emt 0:01:12]} (26... Rf8 $16) 27. Rxc6+ {[%emt 0:00:18]} Kf7 {[%emt 0:00:13]} 28. e6+ {[%emt 0:00:34]} Kf6 {[%emt 0:00:17]} 29. Rd5 {[%emt 0:00:55]} g5 {[%emt 0:00:39]} 30. Rxg5 {[%emt 0:00:34]} Rf8 {[%emt 0:03:08]} 31. Be5# {[%emt 0:00:13] Rh8} 1-0

[Event "FIDE WCCC U12 2018"]
[Site "Santiago de Compostela"]
[Date "2018.11.05"]
[Round "2"]
[White "Rakhmatullaev, Almas"]
[Black "Gukesh D"]
[Result "0-1"]
[WhiteElo "1921"]
[BlackElo "2457"]
[Annotator "TA"]
[PlyCount "68"]
[EventDate "2018.11.04"]
[EventType "swiss"]
[EventCountry "ESP"]
[SourceTitle "playchess.com"]
[Source "ChessBase"]
[SourceQuality "1"]

{[%evp 12,68,36,31,42,31,29,0,27,43,43,12,43,21,24,12,29,31,24,0,40,53,74,-45,-35,-25,-42,-58,-68,-60,-57,-210,-181,-210,-181,-350,-339,-344,-339,-358,-375,-331,-306,-389,-397,-616,-626,-1168,-1166,-992,-1442,-1408,-1300,-1771,-1745,-29994,-29995,-29995,-29996]} 1. e4 c5 2. Nf3 d6 3. d4 cxd4 4. Nxd4 Nf6 5. Nc3 a6 6. Be2 Nbd7 7. O-O {LiveBook: 133 Games. B92: Sicilian Najdorf: 6 Be2} (7. Be3 e6 8. g4 h6 9. f4 g5 10. fxg5 hxg5 11. Bxg5 Rh3 12. Qd2 b5 13. Bf1 Rh8 14. Bg2 Ne5 15. h3 Bb7 16. Rf1 {1-0 (62) Motylev,A (2661)-Kozionov,K (2458) Sochi 2018}) 7... b5 8. Bf3 Bb7 9. Nd5 $146 {White has an edge.} ({Predecessor:} 9. Bg5 e6 10. Qe2 Be7 11. a4 h6 12. Bxf6 Bxf6 13. Rfd1 b4 14. Na2 Qb6 15. Qd2 b3 16. Nxb3 Ne5 17. Na5 {1-0 (54) Frick,R (2058)-Blijstra,W (2211) Batumi 2018}) 9... Ne5 10. a4 b4 11. c3 e6 {[%cal Be7e6,Be6e5][%mdl 32]} 12. Nxb4 Nxf3+ 13. gxf3 e5 14. Nf5 a5 15. Nd3 Bc8 16. Ne3 Be7 17. f4 (17. b4 $16) 17... Nxe4 $15 18. fxe5 O-O 19. f3 Ng5 $1 20. Nd5 dxe5 21. Nxe7+ $2 {[#]} ({White should try} 21. Nxe5 $15 Bc5+ 22. Kh1) 21... Qxe7 $19 22. Qe2 Ba6 23. Qg2 $2 (23. b4 {was worth a try.} Bc4 24. Qxe5 Nh3+ 25. Kg2) 23... Ne6 ({Weaker is} 23... Bxd3 24. Bxg5 Qa7+ 25. Rf2 $17) 24. Rd1 Rfd8 25. Nf2 Rxd1+ 26. Nxd1 Bb7 27. Nf2 f5 {[%cal Bf7f5,Bf5f4][%mdl 32]} 28. Qh3 (28. b3 $142 Qc5 29. Bd2) 28... f4 {[#] Threatens to win with ...Ng5.} 29. Qg4 Ng5 30. Ne4 Nxe4 31. fxe4 Ra6 {Hoping for ...Rg6.} 32. Kf1 Rg6 33. Qf5 Ba6+ 34. Ke1 Rg1+ {Precision: White = 21%, Black = 76%.} 0-1

[Event "FIDE WCCC U12 2018"]
[Site "Santiago de Compostela"]
[Date "2018.11.05"]
[Round "2"]
[White "Boris, Peter"]
[Black "Murzin, Volodar"]
[Result "0-1"]
[WhiteElo "1914"]
[BlackElo "2340"]
[Annotator "TA"]
[PlyCount "74"]
[EventDate "2018.11.04"]
[EventType "swiss"]
[EventCountry "ESP"]
[SourceTitle "playchess.com"]
[Source "ChessBase"]
[SourceQuality "1"]

{[%evp 15,74,13,29,33,30,0,13,18,52,18,22,-46,-8,-23,12,4,37,10,20,2,18,-32,2,-22,0,-37,-12,-15,-7,-14,-8,-12,-10,-9,-12,-18,0,0,0,7,0,-30,-17,-46,-44,-69,-64,-122,-88,-214,-79,-89,-55,-86,-52,-388,-248,-451,-459,-584,-587]} 1. e4 c5 2. Nf3 d6 3. d4 cxd4 4. Nxd4 Nf6 5. Nc3 a6 6. h3 b5 7. g4 {B90: Sicilian Najdorf: Unusual White 6th moves, 6 Be3 Ng4 and 6 Be3 e5} Bb7 8. Bg2 Nc6 {LiveBook: 7 Games} 9. g5 {White has an edge.} Nd7 10. h4 $146 ({Predecessor:} 10. Nf5 b4 11. Ne2 Qc7 12. O-O e6 13. Nfg3 Be7 14. f4 O-O {1-0 (41) Martirosyan,H (2597)-Santos Ruiz,M (2524) Manavgat 2018}) 10... Nxd4 11. Qxd4 e5 12. Qd1 Be7 13. O-O (13. Nd5 $11) 13... O-O 14. Nd5 Bxd5 15. Qxd5 Qc7 16. Qd1 Rad8 17. Be3 Nc5 18. f4 exf4 19. Rxf4 Nd7 20. Qe2 Ne5 21. Raf1 Rc8 22. R4f2 Qc4 23. Qxc4 Rxc4 24. b3 Rc6 25. Bd4 Bd8 26. Bh3 Bb6 27. Bxb6 Rxb6 28. Rd1 Rd8 29. Rd5 Kf8 30. Kf1 Rc6 31. Kg2 (31. Kg1 $15) 31... Ke7 32. Bf5 (32. c4 $17) 32... h6 (32... g6 $19 {is more deadly.} 33. Bh3 Rc3) 33. gxh6 $17 g6 {[%cal Bg7g6,Bg6g5][%mdl 32]} 34. Bh3 Rh8 {[#] aiming for ...Rc3.} 35. Rdd2 $2 {[%mdl 8192]} (35. c4 $1 $15) 35... Rxh6 36. Rf4 $2 (36. Kf1 {keeps fighting.}) 36... Rc3 $19 37. Rdf2 {[#]} g5 $1 {[%mdl 512] Precision: White = 19%, Black = 27%.} 0-1

[Event "FIDE WCCC U12 2018"]
[Site "Santiago de Compostela"]
[Date "2018.11.05"]
[Round "2"]
[White "Chen, Max"]
[Black "Tugstumur, Yesuntumur"]
[Result "0-1"]
[WhiteElo "1910"]
[BlackElo "2331"]
[Annotator "TA"]
[PlyCount "128"]
[EventDate "2018.11.04"]
[EventType "swiss"]
[EventCountry "ESP"]
[SourceTitle "playchess.com"]
[Source "ChessBase"]
[SourceQuality "1"]

{[%evp 14,128,42,47,43,25,35,19,86,67,88,50,74,39,69,50,71,52,55,51,59,54,60,-15,6,0,73,37,46,0,16,-14,52,29,118,55,49,0,0,0,9,12,11,9,36,10,10,9,8,8,11,12,11,11,13,4,6,4,6,0,0,0,0,0,15,0,0,0,0,-68,-68,-68,-68,-68,-87,-84,-84,-84,-84,-83,-68,-82,-61,-243,-243,-246,-258,-258,-258,-261,-252,-243,-244,-264,-274,-266,-256,-2464,-2373,-2214,-1707,-29964,-29965,-29965,-29969,-29967,-29970,-29969,-29970,-29968,-29970,-29989,-29990,-29995,-29996,-29996,-29997]} 1. e4 c5 2. Nf3 e6 3. c3 Nf6 4. Bd3 d6 5. Bc2 b6 6. O-O {B50: Sicilian: 2...d6, Miscellaneous} Bb7 7. Re1 Nbd7 8. d4 {LiveBook: 3 Games. White is slightly better.} Be7 9. Qd3 $146 ({Predecessor:} 9. Nbd2 Qc7 10. Bd3 cxd4 11. cxd4 e5 12. d5 {½-½ (51) Vratonjic,S (2417)-Ratkovic,M (2378) Kragujevac 2016}) 9... Qc7 10. h3 e5 (10... Rc8 $11) 11. d5 $16 O-O 12. Nbd2 Nh5 13. Nf1 g6 14. Bh6 Rfe8 15. c4 Bf8 16. Be3 f5 17. Ng5 f4 18. Ne6 ({White should play} 18. Bd2 $14) 18... Qc8 19. Bd2 Ng7 (19... Rxe6 $11 {keeps the balance.} 20. dxe6 Ndf6) 20. Nxg7 (20. Nxf8 {is more complex.} Rxf8 21. Nh2 h6 22. Nf3 g5 23. a3) 20... Bxg7 21. g3 Rf8 22. Bd1 {[%cal Bc2d1,Bd1e2,Be2f1,Bf1h3][%mdl 32]} h5 (22... Nf6 $11) 23. Nh2 $14 {[%cal Bf1h2,Bh2f3,Bf3g5][%mdl 32]} fxg3 (23... Rb8 $11) 24. fxg3 ({Better is} 24. Qxg3 $16 Qe8 25. Nf3) 24... Nf6 25. h4 Qh3 26. Be2 Rf7 27. Bf1 Qd7 28. Nf3 Ng4 29. Bh3 Raf8 30. Ng5 Rf6 31. Rf1 Bc8 32. Rxf6 Rxf6 33. Rf1 Qe7 34. Kg2 Bh6 35. Rxf6 Qxf6 36. Qf3 Qxf3+ 37. Kxf3 Nh2+ 38. Kg2 Bxh3+ 39. Kxh3 Bxg5 40. Bxg5 $11 {[%mdl 4096] Endgame KB-KN} Nf3 41. Be3 ({White should try} 41. Kg2 $11 Nxg5 42. hxg5) 41... Ne1 $1 $15 42. b3 Nd3 43. Kg2 Nb4 $1 44. a4 Nc2 45. Bd2 Kf7 46. Kf2 Ke7 47. Bc3 Nd4 48. Bxd4 $2 (48. b4 $15) 48... exd4 {KP-KP} 49. e5 dxe5 50. Kf3 Kf6 51. Ke4 a6 52. Kd3 Kf5 53. Kd2 e4 {[%cal Be5e4,Be4e3][%mdl 32]} 54. Ke2 Ke5 55. Kd2 $2 (55. a5 bxa5 56. Kf2) 55... e3+ 56. Kd3 {[#]} b5 $1 {[%mdl 512]} 57. axb5 axb5 {Black mates.} 58. Ke2 b4 59. Kd3 Kf5 60. Ke2 Ke4 61. d6 d3+ {[%cal Bd4d3,Bd3d2][%mdl 32]} 62. Kf1 {[#]} Kf3 $1 63. d7 d2 {[%cal Rd2d1]} 64. d8=Q e2+ {Precision: White = 36%, Black = 58%.} 0-1

[Event "FIDE WCCC U12 2018"]
[Site "Santiago de Compostela"]
[Date "2018.11.05"]
[Round "2"]
[White "Aguado Doncel, Pablo Luis"]
[Black "Lazavik, Denis"]
[Result "0-1"]
[WhiteElo "1899"]
[BlackElo "2235"]
[Annotator "TA"]
[PlyCount "106"]
[EventDate "2018.11.04"]
[EventType "swiss"]
[EventCountry "ESP"]
[SourceTitle "playchess.com"]
[Source "ChessBase"]
[SourceQuality "1"]

{[%evp 13,106,2,27,-18,-13,-25,0,0,0,-3,-3,-8,0,-9,0,0,2,-10,-17,-16,-20,-28,-24,-39,0,0,-7,-85,-38,-46,-30,-26,-24,-36,-11,-39,-22,-19,-24,-35,-22,-36,-26,-35,-16,-21,0,0,0,0,0,-12,-12,-59,-18,-14,-20,-59,-35,-35,0,-59,-59,-59,-59,-59,-59,-52,-52,-415,-381,-333,-311,-287,-244,-750,-564,-1827,-2033,-1734,-1585,-1387,-1228,-8304,-7750,-6663,-8456,-5121,-5114,-29972,-29973,-29981,-29982,-29981,-29982]} 1. d4 d5 2. c4 c6 3. Nf3 Nf6 4. e3 Bf5 5. cxd5 cxd5 6. Qb3 Qc8 7. Bd2 e6 {LiveBook: 7 Games. D12: Slav Defence: 3 Nf3 Nf6 4 e3 Bf5} (7... Nc6 8. Bb5 e6 9. O-O Bd6 10. Bb4 Ne4 11. Rc1 f6 12. Nc3 Bxb4 13. Qxb4 Qd7 14. Bxc6 bxc6 15. Nxe4 Bxe4 {1-0 (42) Marin,M (2539)-Ronchetti,N (2446) Arvier 2012}) 8. Na3 (8. Bb5+ {feels hotter.} Nbd7 9. Na3 Qd8 10. Rc1 Be7 11. Nh4) 8... Nc6 9. Rc1 Nd7 $146 {Black has an edge.} ({Predecessor:} 9... a6 10. Ne5 Bd6 11. Bd3 Bxd3 12. Nxd3 Qd7 13. O-O O-O 14. Nc5 Bxc5 15. Rxc5 {½-½ (41) Pachman,L-Yanofsky,D Arbon 1946}) 10. Bb5 Be7 11. O-O O-O 12. Qa4 Nb6 13. Qb3 Nd7 14. Qa4 Qb8 (14... Be4 {seems wilder.} 15. Bxc6 bxc6 16. Qxc6 Qxc6 17. Rxc6 Rfb8) 15. Bxc6 bxc6 16. Qxc6 Qxb2 {next ...Nb6 is good for Black.} 17. Qxd7 Qxa3 18. Rc7 Bf6 19. Rb7 {Strongly threatening Bb4.} a5 20. Ra7 (20. Ra1 $11 {remains equal.}) 20... Qxa2 {Threatens to win with ...e5.} 21. Bxa5 Rxa7 22. Qxa7 Bd3 23. Re1 Be4 24. Bb6 Qxa7 25. Bxa7 Ra8 26. Rc1 h5 27. Rc7 Bd8 28. Rb7 Rc8 {[#] ( -> ...Rc1+)} 29. Bc5 Bxf3 (29... Bf6 {keeps more tension.} 30. Nd2 Bd3 31. Nb3 Ra8 32. h3 Ba6) 30. gxf3 $11 {[%mdl 4096] Endgame KRB-KRB} g5 31. Kg2 Kg7 32. Kg3 Kg6 33. f4 Bc7 34. Kf3 gxf4 35. exf4 Kf5 36. Bb4 Kg6 37. Bc5 f6 38. Bb4 Rb8 39. Rxb8 Bxb8 $15 {KB-KB} 40. Bd2 Kf5 41. Be3 $2 {[%mdl 8192] [#]} (41. Bc1 $15) 41... Ba7 $1 $19 {[%cal Ra7b6]} 42. h3 Bb6 43. Ke2 Ke4 44. h4 $2 (44. f3+ Kf5 45. Kf2) 44... Bc7 45. f3+ Kf5 46. Kd3 Bxf4 47. Bf2 Bc7 48. Ke3 Bb6 49. Bg3 e5 50. Kd3 Bxd4 51. Ke2 e4 {Black mates.} 52. fxe4+ dxe4 53. Be1 Kg4 {Precision: White = 41%, Black = 58%.} 0-1

[Event "FIDE WCCC U12 2018"]
[Site "Santiago de Compostela"]
[Date "2018.11.05"]
[Round "2"]
[White "Ristic, Luka"]
[Black "Tashev, Aleksandar"]
[Result "*"]
[WhiteElo "1897"]
[BlackElo "2211"]
[Annotator "ChessBase"]
[PlyCount "159"]
[EventDate "2018.11.04"]
[EventType "swiss"]
[EventCountry "ESP"]
[SourceTitle "playchess.com"]
[Source "ChessBase"]
[SourceQuality "1"]
[TimeControl "40/5400+30:1800+30"]

1. e4 {[%emt 0:00:00]} c5 {[%emt 0:00:00]} 2. Nf3 {[%emt 0:00:00]} Nc6 {[%emt 0:00:00]} 3. d4 {[%emt 0:00:00]} cxd4 {[%emt 0:00:13]} 4. Nxd4 {[%emt 0:00:00]} g6 {[%emt 0:00:31]} 5. c4 {[%emt 0:00:12]} Bg7 {[%emt 0:00:26]} 6. Be3 {[%emt 0:00:13]} Nf6 {[%emt 0:01:09]} 7. Nc3 {[%emt 0:02:32]} d6 {[%emt 0:01:24]} 8. f3 {[%emt 0:00:11]} O-O {[%emt 0:01:45]} 9. Be2 {[%emt 0:00:16]} Nd7 {[%emt 0:02:11]} 10. Nb3 {[%emt 0:04:17]} b6 {[%emt 0:03:18]} 11. O-O {[%emt 0:02:55]} Nc5 {[%emt 0:01:28]} 12. Qd2 {[%emt 0:04:03]} Be6 {[%emt 0:08:44]} 13. Nd5 {[%emt 0:03:04]} Rc8 {[%emt 0:02:23]} 14. Nd4 {[%emt 0:02:57]} Bd7 {[%emt 0:09:39]} 15. Rad1 {[%emt 0:04:06]} Ne6 {[%emt 0:01:34]} 16. Nb5 {[%emt 0:01:31]} Rb8 {[%emt 0:02:09]} 17. Bh6 {[%emt 0:07:20]} a6 {[%emt 0:05:40]} 18. Bxg7 {[%emt 0:00:05]} Kxg7 {[%emt 0:00:37]} 19. Qc3+ {[%emt 0:00:06]} f6 {[%emt 0:01:34]} 20. Na3 {[%emt 0:00:12]} Be8 {[%emt 0:07:22]} 21. Qe3 {[%emt 0:04:21]} Bf7 {[%emt 0:01:28]} 22. f4 {[%emt 0:06:08]} Nc5 {[%emt 0:03:01]} 23. Rf3 {[%emt 0:05:56]} Na7 {[%emt 0:08:57]} 24. Rh3 {[%emt 0:03:27]} a5 {[%emt 0:03:23]} 25. Bd3 {[%emt 0:10:32]} Bxd5 26. exd5 {[%emt 0:00:28]} Re8 {[%emt 0:11:31]} 27. f5 {[%emt 0:01:01]} g5 {[%emt 0:00:34]} 28. Qe2 {[%emt 0:01:19]} Rh8 {[%emt 0:02:10]} 29. Qh5 {[%emt 0:00:23]} Nxd3 {[%emt 0:01:28]} 30. Qh6+ {[%emt 0:01:07]} Kg8 31. Rhxd3 {[%emt 0:00:29]} Qf8 {[%emt 0:03:29]} 32. Qh3 {[%emt 0:00:08]} h5 {[%emt 0:00:39]} 33. Re1 {[%emt 0:00:57]} Rh7 {[%emt 0:00:46]} 34. Qe3 {[%emt 0:00:42]} Qc8 {[%emt 0:00:24]} 35. Qe6+ {[%emt 0:03:11]} Kf8 {[%emt 0:00:42]} 36. Qxc8+ {[%emt 0:02:02]} Rxc8 {[%emt 0:00:07]} 37. Rb3 {[%emt 0:00:07]} Rb8 {[%emt 0:00:17]} 38. Re6 {[%emt 0:00:20]} g4 {[%emt 0:00:45]} 39. c5 {[%emt 0:02:19]} Nc8 {[%emt 0:01:51]} 40. c6 {[%emt 0:00:00]} Rg7 {[%emt 0:00:00]} 41. Nb5 {[%emt 0:02:50]} Rg5 {[%emt 0:01:26]} 42. Nd4 {[%emt 0:00:08]} Ke8 {[%emt 0:00:44]} 43. Rbe3 {[%emt 0:00:36]} Kf7 {[%emt 0:01:05]} 44. a4 {[%emt 0:02:24]} Ra8 {[%emt 0:00:37]} 45. Kf2 {[%emt 0:01:46]} Ra7 {[%emt 0:00:13]} 46. Kg3 {[%emt 0:00:25]} Ra8 {[%emt 0:00:05]} 47. Kf4 {[%emt 0:00:20]} Ra7 {[%emt 0:00:05]} 48. Nb5 {[%emt 0:00:22]} Ra8 {[%emt 0:00:04]} 49. Rc3 {[%emt 0:01:22]} Rg8 {[%emt 0:00:08]} 50. Rce3 {[%emt 0:03:08]} Rh8 {[%emt 0:00:16]} 51. Kg3 {[%emt 0:02:35]} Rg8 {[%emt 0:00:12]} 52. Kf4 {[%emt 0:02:12]} Rh8 {[%emt 0:00:13]} 53. Rb3 {[%emt 0:00:19]} Rg8 {[%emt 0:00:15]} 54. Na3 {[%emt 0:00:08]} Ra6 {[%emt 0:00:31]} 55. Nc4 {[%emt 0:00:39]} Rh8 {[%emt 0:00:08]} 56. Rb5 {[%emt 0:00:08]} Ke8 {[%emt 0:00:23]} 57. Re3 {[%emt 0:01:27]} Kd8 {[%emt 0:00:00]} 58. Reb3 {[%emt 0:06:36]} Kc7 {[%emt 0:00:21]} 59. Na3 {[%emt 0:00:30]} Kd8 {[%emt 0:00:30]} 60. Nc2 {[%emt 0:00:30]} Ke8 {[%emt 0:00:15]} 61. Nd4 {[%emt 0:00:30]} Rg8 {[%emt 0:00:30]} 62. Ne6 {[%emt 0:00:20]} Kf7 {[%emt 0:00:10]} 63. Kg3 {[%emt 0:00:25]} Rh8 {[%emt 0:00:40]} 64. Nf4 {[%emt 0:00:05]} Ke8 {[%emt 0:00:49]} 65. Re3 {[%emt 0:00:36]} Kf7 {[%emt 0:00:04]} 66. Re4 {[%emt 0:00:57]} Ra7 {[%emt 0:00:27]} 67. Kh4 {[%emt 0:00:34]} Ra8 {[%emt 0:00:50]} 68. Nxh5 {[%emt 0:01:48]} Rh7 69. Kxg4 {[%emt 0:00:53]} Na7 {[%emt 0:00:16]} 70. Rxb6 {[%emt 0:00:09]} Rg8+ {[%emt 0:00:06]} 71. Kh4 {[%emt 0:06:12]} Rxg2 {[%emt 0:00:19]} 72. Rxe7+ {[%emt 0:00:02]} Kxe7 {[%emt 0:00:13]} 73. Rb7+ {[%emt 0:00:03]} Kd8 {[%emt 0:00:09]} 74. Rxh7 {[%emt 0:00:05]} Rxh2+ {[%emt 0:00:06]} 75. Kg3 {[%emt 0:00:05]} Rxb2 {[%emt 0:00:15]} 76. Rxa7 {[%emt 0:00:12]} Rb3+ {[%emt 0:00:04]} 77. Kg4 {[%emt 0:00:35]} Rb4+ {[%emt 0:00:03]} 78. Kf3 {[%emt 0:00:17]} Rxa4 {[%emt 0:00:22]} 79. Nxf6 {[%emt 0:00:05]} Ra3+ {[%emt 0:00:08]} 80. Kf4 {[%emt 0:00:05]} *